000 00316nam a2200121Ia 4500
008 190722s9999 xx 000 0 und d
020 _a978-1-292-00297-2
100 _aTodaro, Smith
245 0 _aEconomic Development
260 _aU. K. (United Kingdom)
_bPearson education Limited
_c2015
300 _a860
942 _cBK
999 _c565
_d565